| 000 | 00411nam a2200145Ia 4500 | ||
|---|---|---|---|
| 005 | 20250703160426.0 | ||
| 008 | 240331s9999 xx 000 0 und d | ||
| 082 |
_bJAY _a920 |
||
| 100 | _aJayawardena,W.M.R.B. | ||
| 245 | 0 | _aNidahas Sri Lankawe agamathiwaru | |
| 260 |
_aSri Lanka _bRan Bandara Publishers _c1988 |
||
| 300 | _a60 p ., | ||
| 500 | _aA book of Prime Ministers of Independent Sri Lanka | ||
| 942 | _cL | ||
| 999 |
_c5304 _d5304 |
||